01663cam a2200349Ii 4500999001700000001001200017003000900029005001700038008004100055020001800096040006600114082002100180245014600201264004400347300002600391336002600417337002800443338002700471504004100498505018700539650002500726650002700751650003400778653002100812655002400833700003200857700004200889700003300931942001200964949018100976952015601157 c29309d29280om232957745EG-ScBUE20210803103703.0190215s2020 nyu f b 000 0 eng d a9780367257569 aYDXbengerdacYDXdTJCdOCLCFdCHVBKdOCLCOdCNKUCdEG-ScBUE04a303.372bSOC22200aSociology for human rights :bapproaches for applying theories and methods /cedited by David L. Brunsma, Keri E. Iyall Smith, Brian K. Gran. 1aNew York ;aLondon :bRoutledge,c2020. av, 229 pages ;c24 cm atextbtxt2rdacontent aunmediatedbn2rdamedia avolumebnc2rdacarrier aIncludes bibliographical references.00gIntroduction :tCreating Knowledge About Human Rights Sociologically /rDavid L. Brunsma,rKeri E. Iyall Smith,rBrian K. Gran --tMethodology /rAmir B. Marvasti,rKaryn D. McKinney 7aHuman rights.2BUEsh 7aSocial justice.2BUEsh 7aSociologyxPhilosophy.2BUEsh bGGENcAugust2021 vReading book9342321 aBrunsma, David L.,eeditor.1 aIyall Smith, Keri E.,d1973-eeditor.1 aGran, Brian,d1963-eeditor. 2ddccBB tNONCIRCl_ULDEMANDmI-UNIVLIBo.PUBLIC. Books on Demand service for IUPUI University Library users onlyo.PUBLIC. Click the “Get this for IUPUI” button to submit a request. 00102ddc40708AcademicaMAINbMAINc1STd2021-08-03ePurchaseg540.00h31174l0o303.372 SOCp000050474r2025-07-15 00:00:00v675.00w2021-08-03yBB